| 000 | 01116cam a22001934a 4500 | ||
|---|---|---|---|
| 005 | 20250605163504.0 | ||
| 008 | 250528s ||||||||||||||||||||||||d | ||
| 035 | _a20353 | ||
| 020 | _a103519 | ||
| 040 |
_aGR-AtMCL _bgre _dGR-AtMCL _eAACR2 |
||
| 245 | 1 | _aCommunication Arts / Design Annual 40 | |
| 260 |
_bCoyne & Blanchard, Inc, _c1998 |
||
| 300 | _a344 | ||
| 505 | 0 | _aCategories, Packaging, Trademarks, Catalogs, Letterheads, Editorial, Books, Public Service, Miscellaneous, Technology Feature, Technology Reviews, Conference Review, Columns, Design Issues, Freelance, Advertising, Departments, Letter to the Editor, Materials and Available Literature, Interactive 1999 Call for Entries, Directory. | |
| 520 | _aCategories, Packaging, Trademarks, Catalogs, Letterheads, Editorial, Books, Public Service, Miscellaneous, Technology Feature, Technology Reviews, Conference Review, Columns, Design Issues, Freelance, Advertising, Departments, Letter to the Editor, Materials and Available Literature, Interactive 1999 Call for Entries, Directory. | ||
| 942 | _cBK | ||
| 999 |
_c5473 _d5473 |
||